000 00243nam a2200097Ia 4500
008 190216s9999||||xx |||||||||||||| ||und||
100 _aCentral Board Of Edn
245 0 _aEntrance Today Paper I Physics&Chemistry
260 _bNull
942 _cREF
999 _c35987
_d35987